| 000 | 00461nam a2200169 i 4500 | ||
|---|---|---|---|
| 001 | 32841 | ||
| 003 | ES-MaACL | ||
| 005 | 20230906154639.0 | ||
| 007 | t| | ||
| 008 | 030131s1914 sp ||||1| spa d | ||
| 100 | 1 |
_aBermejo de la Rica, Antonio. _928102 |
|
| 245 | 1 | 0 |
_aCon lo que no contó el Kaiser / _cAntonio Bermejo de la Rica. |
| 250 | _a1ª ed. | ||
| 260 |
_aMadrid : _bLa Itálica, _c1914. |
||
| 300 |
_a134 p. ; _c19 cm. |
||
| 852 |
_aES-MaACL _jC-2676 |
||
| 999 |
_c32841 _d32841 |
||